Pseudoscientific Topics Quiz Stats

 Plays Quiz Updated Feb 27, 2020

Support Sporcle.
Go Orange.
Score 0/21 Timer 06:00
0 Plays Today
Description Pseudoscientific topic % Correct
Any of several systems of understanding, interpreting knowledge about reality and human existence, based on the relative positions and movement of various celestial bodiesAstrology
88.4%
Disappearances and ship and aircraft disasters perceived as frequent in this area have led to the circulation of stories of unusual natural phenomena and paranormal encountersBermuda Triangle
81.4%
Use of fine needles to stimulate certain points and balance the flow of qiAcupuncture
78.7%
Geometric designs of crushed or knocked-over crops created in a fieldCrop circles
71.8%
State of extreme relaxation and inner focus in which a person is unusually responsive to suggestions made by the testerHypnosis
70.5%
Act of rising up from the ground without any physical aids, usually by the power of thoughtLevitation
66.4%
The study of unidentified flying objects and frequently includes the belief that unidentified flying objects are evidence for extraterrestrial visitorsUfology
59.9%
Alternative medicine practice focusing on spinal manipulationChiropractic medicine
59%
Paranormal ability of the mind to influence matter or energy at a distancePsychokinesis
54.4%
Ritualized attempts to communicate with the deadSeances
53%
Use of scientific methods and instrumentation in an unconventional manner to hunt 'spirits'Ghost hunting
53%
Description Pseudoscientific topic % Correct
Refers to practices said to enable one to detect hidden water, metals, gemstones or other objectsDowsing
47.3%
Paranormal ability to acquire information by means such as telepathy, clairvoyance, precognition, psychic abilities, and remote viewingExtra-sensory perception
44.2%
Now defunct theory for determining personality traits by feeling bumps on the skull Phrenology
42.7%
Class of proposed machines that violate one of the Laws of ThermodynamicsPerpetual motion
37.9%
The search for creatures that are considered not to exist by most biologistsCryptozoology
34.7%
Instrument that measures and records several physiological responses such as blood pressure, pulse, respiration, breathing rhythms, body temperature and skin conductivityPolygraph
34.2%
Proposes that our planet is disc-shaped and accelerates upward, producing the illusion of gravityFlat Earth Theory
34.2%
Visual or auditory information that is discerned below the threshold of conscious awareness and has an effect on human behaviorSubliminal perception
30.6%
Ancient Chinese system of mysticism and aesthetics based on astronomy, geography, and the putative flow of qiFeng shui
28.8%
Body of ideas developed by Austrian physician Sigmund Freud and his followers, which is devoted to the study of human psychological functioning and behaviorPsychoanalysis
28.4%

You're not logged in!

Compare scores with friends on all Sporcle quizzes.
OR
Log In

From the Vault

Multi-Category Onesomes III

by strokes_static

This quiz is the loneliest quiz that you'll ever do...
Remove Ads.
Support Sporcle.
Get the best of Sporcle when you Go Orange. This ad-free experience offers more features, more stats, and more fun while also helping to support Sporcle. Thank you for becoming a member.

Show Comments

Extras

Top Quizzes Today


Score Distribution

Your Account Isn't Verified!

In order to create a playlist on Sporcle, you need to verify the email address you used during registration. Go to your Sporcle Settings to finish the process.

Report this User

Report this user for behavior that violates our Community Guidelines.

Details: